书目信息 |
| 书名: | Dictionary of lexicography = | |
| 作者: | R.R.K. Hartmann and Gregory James著 ; 张柏然导读. | |
| 分册号: | ||
| 分册名: | 出版地: | 北京 : |
|
| 出版社: | 外语教学与研究出版社 | |
| 出版时间: | 2000. | |
| 页数: | 25, 181 p. ; | |
| 开本: | 23 cm. | |
| 丛书名: | 当代国外语言学与应用语言学文库 | |
| 中图分类号: | ||
| 科图分类号: | ||
| 其他分类号: | H06-61 | |
| 主题词: | ||
| 电子资源: | ||
| 000 | 02558cam a2200997 a 4500 | |
| 001 | E0733134818 | |
| 003 | CAL | |
| 005 | 20070819091358.45 | |
| 008 | 030325r20001998cc b 000 0 eng d | |
| 020 | @a7560020348 :@cCNY16.90. | |
| 040 | @aECNU@cECN@dZSU | |
| 041 | 0 | @aeng@bchi |
| 050 | 04 | @aP327@b.H37 1998 |
| 082 | 04 | @a413/.028@221 |
| 090 | @aH06-61 | |
| 093 | @aH06-61@24 | |
| 099 | @dH06-61@ex31 | |
| 100 | 1 | @aHartmann, R. R. K. |
| 245 | 10 | @aDictionary of lexicography = :@b词典学词典 / @cR.R.K. Hartmann and Gregory James著 ; 张柏然导读. |
| 246 | 11 | @a词典学词典 |
| 260 | @a北京 :@b外语教学与研究出版社 :@b劳特利奇出版社,@c2000. | |
| 300 | @a25, 181 p. ;@c23 cm. | |
| 440 | 0 | @a当代国外语言学与应用语言学文库 |
| 504 | @aIncludes bibliographical references (p. [161]-176). | |
| 534 | @pReprint. Originally published:@cLondon ; New York, N.Y. : Routledge, 1998.@z0415141435.@z0415141443 (pbk.) | |
| 546 | @aIn English, preface and reading direction are in Chinese. | |
| 650 | 0 | @aLexicography@vDictionaries. |
| 700 | 1 | @aZhang Boran |
| 700 | 1 | @aJames, Gregory. |
| 920 | @a231220@z2 | |
| 920 | @a232010@z1 | |
| 920 | @a231010@z1 | |
| 920 | @a211010@z1 | |
| 920 | @a244050@z2 | |
| 920 | @a242250@z1 | |
| 920 | @a244020@z2 | |
| 920 | @a242120@z2 | |
| 920 | @a214010@z2 | |
| 920 | @a212010@z2 | |
| 920 | @a211410@z1 | |
| 920 | @a231280@z2 | |
| 920 | @a237010@z1 | |
| 920 | @a211050@z2 | |
| 920 | @a243160@z2 | |
| 920 | @a211030@z2 | |
| 920 | @a211260@z1 | |
| 920 | @a215010@z2 | |
| 920 | @a243040@z1 | |
| 920 | @a211162@z1 | |
| 920 | @a246060@z0 | |
| 920 | @a251430@z2 | |
| 920 | @a244010@z1 | |
| 920 | @a246010@z1 | |
| 920 | @a222220@z1 | |
| 920 | @a236010@z2 | |
| 920 | @a241061@z1 | |
| 920 | @a211020@z2 | |
| 920 | @a251010@z1 | |
| 920 | @a222010@z1 | |
| 920 | @a211290@z1 | |
| 920 | @a222030@z1 | |
| 920 | @a242020@z2 | |
| 920 | @a244070@z1 | |
| 920 | @a222040@z1 | |
| 920 | @a262070@z1 | |
| 920 | @a235030@z1 | |
| 920 | @a241031@z1 | |
| 920 | @a241420@z1 | |
| 920 | @a223130@z1 | |
| 920 | @a221020@z1 | |
| 920 | @a231030@z1 | |
| 920 | @a221010@z1 | |
| 920 | @a221060@z1 | |
| 920 | @a223140@z1 | |
| 920 | @a222020@z2 | |
| 920 | @a245010@z2 | |
| 920 | @a211270@z1 | |
| 920 | @a241180@z2 | |
| 920 | @a211390@z1 | |
| 920 | @a246040@z1 | |
| 920 | @a237020@z1 | |
| 920 | @a242010@z1 | |
| 920 | @a261020@z1 | |
| 920 | @a237385@z2 | |
| 920 | @a251050@z1 | |
| 998 | @aECN | |
| Dictionary of lexicography = : : 词典学词典 / / R.R.K. Hartmann and Gregory James著 ; 张柏然导读.-北京 : : 外语教学与研究出版社 : : 劳特利奇出版社, , 2000. |
| 25, 181 p. ; ; 23 cm.- (当代国外语言学与应用语言学文库) |
| Includes bibliographical references (p. [161]-176).-In English, preface and reading direction are in Chinese. |
| ISBN 7560020348 :CNY16.90. |
| ● |
| 相关链接 |
|
|
|
|
正题名:Dictionary of lexicography =
索取号:H06-61/x31
 
预约/预借
| 序号 | 登录号 | 条形码 | 馆藏地/架位号 | 状态 | 备注 |
| 1 | 0016746 | 300167469 | 第二样本阅览室/ [索取号:H06-61/x31] | 在馆 | |
| 2 | 0016747 | 300167478 | 第四借阅区/ [索取号:H06-61/x31] | 在馆 | |
| 3 | 0016748 | 300167487 | 第四借阅区/ [索取号:H06-61/x31] | 在馆 | |
| 4 | 0016749 | 300167496 | 第四借阅区/ [索取号:H06-61/x31] | 在馆 | |
| 5 | 0016750 | 300167502 | 第四借阅区/ [索取号:H06-61/x31] | 在馆 |